000 00532nam a2200217Ia 4500
003 GCL
008 140319s9999 xx 000 0 eng d
040 _aGCL /
_cGCL
082 0 4 _aCC
_b722.962
_bM P
100 1 _aZAKARIYA, MONA
245 1 0 _aPALAIS ET MAISONS DU CAIRE /
_cZAKARIYA, MONA
700 1 _aMAURY, BERNARD
700 1 _aRAYMOND, ANDRE'
700 1 _aREVAULT, JACQUES
260 _a[S.N] :
_bIFAO ،
_c1979
650 0 4 _aART
650 0 4 _aCAIRO
650 0 4 _aHOUSES
650 0 4 _aARTS, EGYPT
942 _2ddc
_cBK
999 _c19362
_d19362